[Event "CRO Team Cup"]
[Site "Mali Losinj"]
[Date "2017.05.12"]
[Round "4.62"]
[White "Plenkovic, Zdenko"]
[Black "Mrdja, Milan"]
[Result "1-0"]
[WhiteElo "2413"]
[BlackElo "2229"]
[PlyCount "205"]
[EventDate "2017.??.??"]

1. g3 g6 2. Bg2 Bg7 3. Nf3 Nf6 4. O-O O-O 5. d3 d5 6. Nc3 d4 7. Na4 Nd5 8. Bd2
Nb6 9. c3 Nc6 10. Nc5 dxc3 11. bxc3 Qd6 12. Ne4 Qd8 13. a4 Nd7 14. a5 h6 15. a6
b6 16. Nd4 Nxd4 17. cxd4 Rb8 18. Nc3 b5 19. e3 c5 20. Nd5 cxd4 21. Ba5 Nb6 22.
Nxb6 Rxb6 23. e4 Qd6 24. Bxb6 Qxb6 25. Qb3 e5 26. f4 exf4 27. gxf4 Be6 28. Qb4
Rc8 29. Qe7 Bf8 30. Qb7 Rb8 31. Qxb6 Rxb6 32. Rfc1 b4 33. Rc7 b3 34. Rxa7 b2
35. Rb1 Ba3 36. Ra8+ Kg7 37. a7 Ra6 38. e5 Ba2 39. Rxb2 Bxb2 40. Rb8 Rxa7 41.
Rxb2 Ra4 42. Bc6 Ra6 43. Bf3 Ra4 44. Bd1 Ra3 45. Be2 Ra4 46. Rb6 Be6 47. Rd6 g5
48. Kf2 gxf4 49. Kf3 Kf8 50. h4 Ke7 51. Kxf4 f6 52. Rb6 fxe5+ 53. Kxe5 Ra5+ 54.
Kxd4 Ra4+ 55. Ke5 Ra5+ 56. Ke4 Bf5+ 57. Kf4 Rd5 58. d4 Rxd4+ 59. Kxf5 Rxh4 60.
Rb7+ Kd6 61. Kg6 Re4 62. Rb2 Re6+ 63. Kh5 Ke5 64. Bd3 Rd6 65. Bg6 Kf4 66. Rb4+
Ke5 67. Kxh6 Ra6 68. Kg5 Ra5 69. Bf5 Rc5 70. Rb1 Ra5 71. Re1+ Kd5 72. Kf4 Ra4+
73. Be4+ Ke6 74. Rc1 Ra6 75. Rh1 Ra5 76. Rh6+ Kf7 77. Rb6 Ke7 78. Bd3 Rc5 79.
Ke4 Rh5 80. Kd4 Kd7 81. Bc4 Kc7 82. Rf6 Kd7 83. Bd5 Ke7 84. Re6+ Kd7 85. Kc5
Rh2 86. Rf6 Rc2+ 87. Bc4 Rc1 88. Rf7+ Ke8 89. Ra7 Kf8 90. Kd5 Ke8 91. Bb5+ Kd8
92. Bc6 Rg1 93. Kc5 Rg5+ 94. Kb6 Rg1 95. Rd7+ Kc8 96. Re7 Rb1+ 97. Bb5 Rd1 98.
Re8+ Rd8 99. Re1 Rd2 100. Re7 Rd1 101. Re4 Rd2 102. Kc6 Kd8 103. Kb7 1-0

[Event "CRO Team Cup"]
[Site "Mali Losinj"]
[Date "2017.05.12"]
[Round "4.64"]
[White "Doric, Nenad"]
[Black "Raguz, Darko"]
[Result "1/2-1/2"]
[WhiteElo "2259"]
[BlackElo "2102"]
[PlyCount "81"]
[EventDate "2017.??.??"]

1. d4 d5 2. c4 e6 3. Nc3 Nf6 4. cxd5 exd5 5. Bg5 Be7 6. e3 c6 7. Qc2 O-O 8. Bd3
Nbd7 9. Nf3 h6 10. Bh4 Re8 11. O-O-O Ne4 12. Bxe7 Qxe7 13. h3 Ndf6 14. g4 Nxc3
15. Qxc3 Ne4 16. Qc2 Bd7 17. Kb1 Rac8 18. Ne5 c5 19. Nxd7 cxd4 20. Qa4 Nxf2 21.
exd4 Nxh1 22. Rxh1 b5 23. Qd1 Qxd7 24. Bf5 Qe7 25. Bxc8 Qe4+ 26. Ka1 Rxc8 27.
Re1 Qf4 28. a3 Kf8 29. Ka2 Qc7 30. Qd2 a5 31. Re3 Qc4+ 32. Kb1 b4 33. Qd3 Qc1+
34. Ka2 bxa3 35. Qxa3+ Kg8 36. Rb3 Qc4 37. Kb1 Qc1+ 38. Ka2 Qc4 39. Kb1 Qf1+
40. Ka2 Qc4 41. Kb1 1/2-1/2

[Event "CRO Team Cup"]
[Site "Mali Losinj"]
[Date "2017.05.12"]
[Round "4.71"]
[White "Saric, Ante"]
[Black "Kelemen, Miljenko"]
[Result "1-0"]
[WhiteElo "2544"]
[BlackElo "1969"]
[PlyCount "77"]
[EventDate "2017.??.??"]

1. Nf3 Nf6 2. c4 g6 3. Nc3 c5 4. d4 cxd4 5. Nxd4 Bg7 6. e4 d6 7. Be2 Nc6 8. Be3
O-O 9. O-O Bd7 10. h3 Nxd4 11. Bxd4 Bc6 12. Qc2 Nd7 13. Bxg7 Kxg7 14. Rad1 f6
15. Bg4 f5 16. exf5 h5 17. f6+ Rxf6 18. Bxd7 Qxd7 19. c5 Raf8 20. f3 Qf5 21.
Qxf5 gxf5 22. cxd6 Rxd6 23. Rxd6 exd6 24. Rd1 Kf6 25. Rxd6+ Ke5 26. Rd2 h4 27.
Kf2 Rg8 28. Ne2 a6 29. a3 Rg7 30. Rd8 a5 31. Rh8 Rd7 32. Ke3 Rg7 33. Nf4 Rc7
34. Rxh4 Bb5 35. Rh6 Bc4 36. Rb6 a4 37. h4 Bb3 38. h5 Rc1 39. Nd3+ 1-0

[Event "CRO Team Cup"]
[Site "Mali Losinj"]
[Date "2017.05.12"]
[Round "4.72"]
[White "Florjan, Mladen"]
[Black "Saric, Ibro"]
[Result "0-1"]
[WhiteElo "2001"]
[BlackElo "2555"]
[PlyCount "88"]
[EventDate "2017.??.??"]

1. e4 d6 2. d4 Nf6 3. Nc3 g6 4. Nf3 Bg7 5. Be2 O-O 6. O-O Nc6 7. Bg5 h6 8. Bh4
g5 9. Bg3 Nh5 10. d5 Nxg3 11. fxg3 Ne5 12. Nd4 e6 13. Qd2 Bd7 14. Rad1 a6 15.
h3 b5 16. a3 Rb8 17. b4 c5 18. Nb3 Nc4 19. Bxc4 bxc4 20. dxe6 Bxe6 21. Na5 cxb4
22. axb4 Rxb4 23. Nc6 Qb6+ 24. Nd4 Qxd4+ 25. Qxd4 Bxd4+ 26. Rxd4 Rb2 27. Rf2 a5
28. Nd5 a4 29. Rxc4 Ra8 30. Rd4 a3 31. Rd1 a2 32. Ra1 Rb1+ 33. Rf1 Rxa1 34.
Rxa1 Bxd5 35. exd5 Kg7 36. Kf2 Kf6 37. Ke3 Ke5 38. Kd3 Kxd5 39. c3 f5 40. Kc2
Kc4 41. Kb2 d5 42. Kc2 Ra7 43. Kb2 Kd3 44. Kb3 Rb7+ 0-1

[Event "CRO Team Cup"]
[Site "Mali Losinj"]
[Date "2017.05.12"]
[Round "4.73"]
[White "Plenca, Julijan"]
[Black "Spiranec, Miljenko"]
[Result "1-0"]
[WhiteElo "2406"]
[BlackElo "1808"]
[PlyCount "64"]
[EventDate "2017.??.??"]

1. e4 e6 2. d4 d5 3. Nd2 Be7 4. Ngf3 Nf6 5. Bd3 c5 6. e5 Nfd7 7. c3 Nc6 8. O-O
g5 9. dxc5 g4 10. Nd4 Ndxe5 11. Bb5 Bd7 12. N2b3 Nxd4 13. Bxd7+ Nxd7 14. cxd4
h5 15. Qd3 Qc7 16. Bd2 Nb8 17. Na5 Nc6 18. Nxc6 bxc6 19. b4 a6 20. a4 Qb7 21.
Rab1 Rb8 22. Bf4 Rc8 23. Be5 Rg8 24. b5 axb5 25. axb5 cxb5 26. Rxb5 Qa6 27.
Rfb1 f5 28. Qe3 Bg5 29. Bf4 Bd8 30. Rb6 Bxb6 31. Qxe6+ Kf8 32. Bh6+ Rg7 1-0

[Event "CRO Team Cup"]
[Site "Mali Losinj"]
[Date "2017.05.12"]
[Round "4.81"]
[White "Makaj, Marko"]
[Black "Tomulic, Teo"]
[Result "1-0"]
[WhiteElo "2330"]
[BlackElo "2319"]
[PlyCount "109"]
[EventDate "2017.??.??"]

1. d4 Nf6 2. Bg5 Ne4 3. Bf4 c5 4. f3 Qa5+ 5. c3 Nf6 6. d5 Qb6 7. e4 e6 8. Na3
exd5 9. e5 Nh5 10. Be3 Be7 11. Qd2 d6 12. Bb5+ Bd7 13. Bxd7+ Nxd7 14. g4 Bh4+
15. Kf1 d4 16. cxd4 cxd4 17. Bxd4 Qa6+ 18. Ne2 dxe5 19. gxh5 exd4 20. Qxd4 Qf6
21. Qe4+ Qe7 22. Ng3 O-O 23. Qxe7 Bxe7 24. Nc4 b5 25. Ne3 Bf6 26. Ne4 Be5 27.
Rd1 Nb6 28. b3 Rad8 29. Kg2 h6 30. h3 Rfe8 31. Rhe1 Kf8 32. Rxd8 Rxd8 33. Re2
Bf4 34. Kf2 Rd3 35. Ng2 Bb8 36. Rc2 Rd5 37. Rc5 Be5 38. Ke2 f5 39. Ne3 Rxc5 40.
Nxc5 f4 41. Ng4 Bd6 42. Ne6+ Kf7 43. Nd8+ Ke8 44. Nc6 a6 45. Kd3 Kd7 46. Nce5+
Ke6 47. Kd4 Nd5 48. Nd3 Nc7 49. Ndf2 Kf5 50. Ne4 Be7 51. Nc5 a5 52. a4 bxa4 53.
bxa4 Bf8 54. Kc4 Be7 55. Nb3 1-0

[Event "CRO Team Cup"]
[Site "Mali Losinj"]
[Date "2017.05.12"]
[Round "4.82"]
[White "Begonja, Veljko"]
[Black "Nemec, Vjekoslav"]
[Result "1/2-1/2"]
[WhiteElo "2125"]
[BlackElo "2172"]
[PlyCount "43"]
[EventDate "2017.??.??"]

1. d4 d5 2. c4 e6 3. Nc3 Nf6 4. cxd5 exd5 5. Bg5 c6 6. Qc2 h6 7. Bh4 g6 8. e3
Bf5 9. Qb3 g5 10. Bg3 Qb6 11. f3 Nbd7 12. Nge2 h5 13. h4 g4 14. Bf4 Be7 15. Nc1
Rg8 16. Kf2 Nf8 17. Bd3 Be6 18. a4 Ng6 19. Bg3 c5 20. Qxb6 axb6 21. Bb5+ Kf8
22. N1e2 1/2-1/2

[Event "CRO Team Cup"]
[Site "Mali Losinj"]
[Date "2017.05.12"]
[Round "4.83"]
[White "Pavic, Jakov"]
[Black "Safar, Sandro"]
[Result "0-1"]
[WhiteElo "2144"]
[BlackElo "2179"]
[PlyCount "92"]
[EventDate "2017.??.??"]

1. d4 d5 2. c4 e6 3. Nc3 Nf6 4. Bg5 Be7 5. e3 Nbd7 6. cxd5 exd5 7. Bd3 O-O 8.
Qc2 c6 9. Nf3 Re8 10. O-O Ne4 11. Bxe4 dxe4 12. Nxe4 Bxg5 13. Nfxg5 Qe7 14. Qb3
h6 15. Nxf7 Qxf7 16. Qxf7+ Kxf7 17. Nd6+ Ke7 18. Nxe8 Kxe8 19. e4 Nf6 20. f3
Be6 21. Kf2 a5 22. g4 a4 23. a3 Ra5 24. Rac1 Rb5 25. Rc2 Rb3 26. Rd1 g5 27. h3
h5 28. gxh5 Nxh5 29. d5 Bxh3 30. Rg1 g4 31. fxg4 Nf6 32. dxc6 bxc6 33. Rxc6
Nxg4+ 34. Ke2 Rxb2+ 35. Kd1 Nf2+ 36. Ke1 Nd3+ 37. Kd1 Rb1+ 38. Ke2 Rxg1 39.
Kxd3 Rg3+ 40. Kd4 Rxa3 41. Rc3 Rb3 42. Rc4 Bd7 43. e5 Ke7 44. Rc7 a3 45. Ra7
Rb4+ 46. Kc3 Ra4 0-1

[Event "CRO Team Cup"]
[Site "Mali Losinj"]
[Date "2017.05.12"]
[Round "4.84"]
[White "Stojkovic, Andreja"]
[Black "Kos, Bruno"]
[Result "1/2-1/2"]
[WhiteElo "1939"]
[BlackElo "1998"]
[PlyCount "84"]
[EventDate "2017.??.??"]

1. e4 d5 2. exd5 Nf6 3. Bb5+ Bd7 4. Be2 Nxd5 5. d4 e6 6. Nf3 Nc6 7. O-O Be7 8.
c4 Nb6 9. Nc3 O-O 10. Re1 Bb4 11. Qc2 Re8 12. a3 Bf8 13. b4 Ne7 14. Bg5 f6 15.
Bd3 h6 16. Bf4 g5 17. Be3 Bg7 18. a4 Bc6 19. a5 Nbc8 20. Rad1 Bxf3 21. gxf3 c6
22. Ne4 f5 23. Nc5 Kf7 24. Nxb7 Qc7 25. Nc5 Ng6 26. Bxf5 exf5 27. Qxf5+ Bf6 28.
Ne4 Qd8 29. d5 Nh4 30. Qh7+ Bg7 31. Bd4 Nxf3+ 32. Kf1 Nxd4 33. Rxd4 Ne7 34. Nc5
Rh8 35. Qxg7+ Kxg7 36. Ne6+ Kf7 37. Nxd8+ Rhxd8 38. Rde4 Rd7 39. dxc6 Nxc6 40.
Re6 Nxb4 41. Rxh6 Rg8 42. Re5 Rg7 1/2-1/2

[Event "CRO Team Cup"]
[Site "Mali Losinj"]
[Date "2017.05.12"]
[Round "4.91"]
[White "Rogulj, Branko"]
[Black "Boric, Muhamed"]
[Result "1/2-1/2"]
[WhiteElo "2410"]
[BlackElo "2381"]
[PlyCount "34"]
[EventDate "2017.??.??"]

1. e4 e5 2. Nf3 Nc6 3. Bb5 Bc5 4. c3 Nf6 5. O-O Bb6 6. Re1 d6 7. d4 O-O 8. h3
Bd7 9. Ba4 Re8 10. Bc2 h6 11. Na3 a6 12. Nc4 Ba7 13. a4 exd4 14. cxd4 d5 15.
exd5 Nb4 16. Rxe8+ Bxe8 17. Bb3 Nbxd5 1/2-1/2

[Event "CRO Team Cup"]
[Site "Mali Losinj"]
[Date "2017.05.12"]
[Round "4.92"]
[White "Cenkovcan, Andrija"]
[Black "Vrsek, Ivan"]
[Result "0-1"]
[WhiteElo "2039"]
[BlackElo "2219"]
[PlyCount "78"]
[EventDate "2017.??.??"]

1. e4 e6 2. d4 d5 3. e5 c5 4. c3 Nc6 5. Nf3 Bd7 6. Be2 Nge7 7. Na3 cxd4 8. cxd4
Qb6 9. Nc2 Na5 10. b3 Bb5 11. O-O Nac6 12. Bd2 Nf5 13. g4 Nfe7 14. Bxb5 Qxb5
15. b4 h5 16. a4 Qd3 17. g5 Nf5 18. Ra3 Qe4 19. Re1 Qg4+ 20. Kh1 h4 21. Rg1 Qh5
22. h3 a5 23. Rb3 axb4 24. Rg4 Rxa4 25. Ne3 Qg6 26. Ng2 Qh7 27. Nfxh4 Ra3 28.
g6 fxg6 29. Rxa3 bxa3 30. Qb3 Ncxd4 31. Qxb7 g5 32. Bxg5 a2 33. Qa8+ Kf7 34.
Qxa2 Nf3 35. Qa4 Nxg5 36. Rxg5 Nxh4 37. Qd7+ Be7 38. Nf4 Qb1+ 39. Kh2 Nf3+ 0-1

[Event "CRO Team Cup"]
[Site "Mali Losinj"]
[Date "2017.05.12"]
[Round "4.93"]
[White "Podravec, Kresimir"]
[Black "Livaic, Damir"]
[Result "1-0"]
[WhiteElo "2171"]
[BlackElo "2020"]
[PlyCount "80"]
[EventDate "2017.??.??"]

1. e4 c6 2. d4 d5 3. exd5 Qxd5 4. Nc3 Qe6+ 5. Be3 Nf6 6. h3 Nd5 7. Nxd5 Qxd5 8.
Nf3 Bf5 9. Be2 e6 10. O-O Be7 11. c4 Qa5 12. a3 O-O 13. b4 Qc7 14. Qb3 Nd7 15.
Rfd1 Rad8 16. Rac1 Qb8 17. Bd3 Bxd3 18. Rxd3 a6 19. a4 e5 20. Nd2 exd4 21. Bxd4
Ne5 22. Bxe5 Qxe5 23. Rxd8 Rxd8 24. Nf3 Qf4 25. Re1 Bf6 26. b5 axb5 27. axb5 c5
28. Qc2 g6 29. Re3 Ra8 30. g3 Qc7 31. Qe2 Ra1+ 32. Kg2 Qa5 33. Re8+ Kg7 34. Rb8
Qc7 35. Qe8 Kh6 36. g4 g5 37. Rc8 Qf4 38. Qxf7 Ra3 39. Qd5 Rc3 40. Rxc5 Rc2 1-0

[Event "CRO Team Cup"]
[Site "Mali Losinj"]
[Date "2017.05.12"]
[Round "4.94"]
[White "Radikovic, Anamarija"]
[Black "Greb, Nikola"]
[Result "0-1"]
[WhiteElo "1905"]
[BlackElo "2049"]
[PlyCount "162"]
[EventDate "2017.??.??"]

1. e4 c5 2. c3 Nf6 3. e5 Nd5 4. d4 cxd4 5. cxd4 d6 6. Bc4 e6 7. Nf3 Be7 8. O-O
O-O 9. Nc3 Nxc3 10. bxc3 b6 11. Bf4 Ba6 12. Bxa6 Nxa6 13. Qd3 Nc7 14. exd6 Bxd6
15. Bxd6 Qxd6 16. c4 Rfd8 17. Rfd1 Rac8 18. Rac1 Ne8 19. h3 Rc7 20. Qb3 Rdc8
21. Rd2 Nf6 22. Rdc2 h6 23. a4 a5 24. Rb1 Nd5 25. Rbc1 Qb4 26. Qa2 Ne7 27. d5
exd5 28. cxd5 Nxd5 29. Rxc7 Rxc7 30. Rxc7 Nxc7 31. Qc2 Qc5 32. Qe4 f5 33. Qf4
Ne6 34. Qb8+ Kh7 35. Qe8 Qc1+ 36. Kh2 Qf4+ 37. Kh1 Qe4 38. Qb5 Nf4 39. Qxb6
Qxa4 40. Qc5 Qd1+ 41. Kh2 Qd5 42. Qxd5 Nxd5 43. Nd4 Kg6 44. Kg3 a4 45. Nc2 Kf6
46. Kf3 Ke5 47. g3 Nc3 48. Ke3 Nb5 49. Nb4 Kd6 50. Kd3 Kc5 51. Na6+ Kb6 52. Nb4
Nd6 53. f3 Kc5 54. Nc2 Nf7 55. f4 Nd6 56. g4 Ne4 57. Ne3 a3 58. Kc2 Nd6 59. Kb3
Kd4 60. Ng2 a2 61. Kxa2 Ke4 62. Kb3 Kf3 63. Nh4+ Kxf4 64. Ng6+ Kg3 65. gxf5
Nxf5 66. Kc3 Kxh3 67. Kd3 Kg3 68. Ke2 h5 69. Kf1 Nh4 70. Ne5 Nf3 71. Nd3 h4 72.
Nf2 h3 73. Nh1+ Kf4 74. Kf2 g5 75. Ng3 g4 76. Ne2+ Kg5 77. Kg3 Nd2 78. Ng1 Ne4+
79. Kh2 Kh4 80. Ne2 g3+ 81. Kg1 Nf2 0-1

[Event "CRO Team Cup"]
[Site "Mali Losinj"]
[Date "2017.05.12"]
[Round "4.101"]
[White "Bender, Ivan"]
[Black "Drmic, Tomislav"]
[Result "1-0"]
[WhiteElo "2248"]
[BlackElo "2247"]
[PlyCount "105"]
[EventDate "2017.??.??"]

1. e4 e6 2. d4 d5 3. Nc3 Bb4 4. e5 b6 5. a3 Bf8 6. Nf3 Ne7 7. Bf4 Qd7 8. Qd2
Ba6 9. Bxa6 Nxa6 10. Ne2 c5 11. c3 Rc8 12. O-O c4 13. Ng3 Nb8 14. Nh5 Ng8 15.
Bg5 Nc6 16. h3 h6 17. Bh4 g6 18. Bf6 Rh7 19. Qc2 Be7 20. Bxe7 Qxe7 21. Nf4 Rh8
22. Nd2 Na5 23. b3 cxb3 24. Nxb3 Nc4 25. Nd2 Kf8 26. Nxc4 Rxc4 27. a4 Kg7 28.
Qd3 Qc7 29. Ne2 h5 30. g3 Nh6 31. f4 Rc8 32. Kg2 Qd8 33. Ra2 R8c6 34. Rb1 Qc8
35. Rb3 Qd8 36. Rba3 Ng8 37. Rb3 Rc8 38. g4 hxg4 39. hxg4 Ne7 40. Ra1 Nc6 41.
Rh1 Ne7 42. Qh3 Qh8 43. Qe3 Qg8 44. a5 Rb8 45. axb6 a5 46. f5 Kf8 47. f6 Nc6
48. Qc1 Ke8 49. Qa3 Rb7 50. Rb5 Kd7 51. Qd6+ Kc8 52. Rc5 Rxb6 53. Rb1 1-0

[Event "CRO Team Cup"]
[Site "Mali Losinj"]
[Date "2017.05.12"]
[Round "4.102"]
[White "Aleksic, Robert"]
[Black "Jelcic, Marko"]
[Result "0-1"]
[WhiteElo "2132"]
[BlackElo "2147"]
[PlyCount "78"]
[EventDate "2017.??.??"]

1. e4 c5 2. Nf3 g6 3. d4 cxd4 4. Nxd4 Nc6 5. Nc3 Bg7 6. Be3 d6 7. Bc4 Nf6 8. f3
O-O 9. Qd2 Bd7 10. O-O Rc8 11. Bb3 Ne5 12. Qe2 Qa5 13. Rfd1 a6 14. a4 Rc7 15.
Nd5 Nxd5 16. Bxd5 Rcc8 17. Bxb7 Rb8 18. Nb3 Qc7 19. Bxa6 Be6 20. Nd4 Rxb2 21.
Nxe6 fxe6 22. Rac1 Ra8 23. Kh1 Kh8 24. Bd4 Ra2 25. Bb5 Rc8 26. f4 Nd7 27. Bxg7+
Kxg7 28. Qd3 Nf6 29. Rd2 Qc5 30. h3 e5 31. fxe5 Qxe5 32. Re1 Rc3 33. Qe2 Nh5
34. Kg1 Nf4 35. Qf2 Rxh3 36. Rd5 Nxd5 37. gxh3 Nf4 38. Bf1 Rxa4 39. Re3 Rxe4
0-1

[Event "CRO Team Cup"]
[Site "Mali Losinj"]
[Date "2017.05.12"]
[Round "4.103"]
[White "Ivankovic, Ivo"]
[Black "Leakovic, Ivica"]
[Result "0-1"]
[WhiteElo "2174"]
[BlackElo "2103"]
[PlyCount "74"]
[EventDate "2017.??.??"]

1. d4 Nf6 2. Nf3 e6 3. e3 d5 4. Be2 Be7 5. O-O O-O 6. c4 b6 7. b3 Bb7 8. Ba3 c5
9. dxc5 bxc5 10. Bb2 Nbd7 11. Qc2 Qc7 12. Rd1 Rfd8 13. Nc3 Rac8 14. Rac1 Qb8
15. Qb1 Qa8 16. cxd5 exd5 17. Qf5 Nf8 18. Na4 Ne6 19. Ba3 d4 20. exd4 Be4 21.
Qxe6 fxe6 22. dxc5 Nd5 23. Re1 Nf4 24. Ba6 Bxf3 25. Bxc8 Rxc8 26. Rc4 Ne2+ 27.
Kf1 Bxg2+ 28. Kxe2 Qf3+ 29. Kd2 Qxf2+ 30. Re2 Rd8+ 31. Kc1 Qf1+ 32. Kb2 Bf6+
33. Nc3 Qxe2+ 34. Kb1 Rd1+ 35. Bc1 Bxc3 36. Rxc3 Be4+ 37. Ka1 Qd2 0-1

[Event "CRO Team Cup"]
[Site "Mali Losinj"]
[Date "2017.05.12"]
[Round "4.104"]
[White "Zubak, Milan"]
[Black "Music, Tomislav"]
[Result "0-1"]
[WhiteElo "1895"]
[BlackElo "2066"]
[PlyCount "54"]
[EventDate "2017.??.??"]

1. d4 f5 2. c4 Nf6 3. Nc3 e6 4. e3 Be7 5. Nf3 O-O 6. g3 d6 7. Bg2 Qe8 8. O-O
Nc6 9. Re1 e5 10. dxe5 dxe5 11. e4 Nxe4 12. Nxe4 fxe4 13. Qd5+ Kh8 14. Nxe5
Nxe5 15. Qxe5 Qf7 16. Be3 Bf6 17. Qb5 c6 18. Qb3 Be6 19. Bxe4 Bxc4 20. Qc2 g6
21. a3 Bb3 22. Qd2 Rfd8 23. Qb4 a5 24. Qc5 Bxb2 25. Rab1 Bf6 26. Rxb3 Qxb3 27.
Rb1 Rd1+ 0-1

[Event "CRO Team Cup"]
[Site "Mali Losinj"]
[Date "2017.05.12"]
[Round "4.111"]
[White "Sasvari, Zelimir"]
[Black "Zelic, Zdravko"]
[Result "1/2-1/2"]
[WhiteElo "2199"]
[BlackElo "2368"]
[PlyCount "43"]
[EventDate "2017.??.??"]

1. d4 Nf6 2. Nf3 g6 3. c3 Bg7 4. h3 O-O 5. Bf4 d6 6. e3 Nc6 7. Bh2 e6 8. Nbd2
Qe7 9. Bb5 Bd7 10. O-O a6 11. Ba4 b5 12. Bc2 Nh5 13. b4 f5 14. a4 Rab8 15. axb5
axb5 16. Bb3 Kh8 17. Qe2 e5 18. d5 Nd8 19. Ra7 Rc8 20. c4 Nf7 21. Rc1 e4 22.
Ne1 1/2-1/2

[Event "CRO Team Cup"]
[Site "Mali Losinj"]
[Date "2017.05.12"]
[Round "4.113"]
[White "Kovacevic, Srecko"]
[Black "Kurecic, Mladen"]
[Result "1-0"]
[WhiteElo "2102"]
[BlackElo "2023"]
[PlyCount "95"]
[EventDate "2017.??.??"]

1. d4 d5 2. Nf3 Nf6 3. e3 e6 4. Bd3 c5 5. b3 cxd4 6. exd4 Be7 7. O-O b6 8. Nbd2
O-O 9. Bb2 Bb7 10. Re1 Nbd7 11. Qe2 Re8 12. Ne5 Nxe5 13. dxe5 Nd7 14. Qh5 g6
15. Qg4 a6 16. Rad1 Bf8 17. Nf3 Qc7 18. Ng5 Bg7 19. Qg3 Nc5 20. c3 Nxd3 21.
Rxd3 h6 22. Nf3 Qe7 23. h4 a5 24. h5 g5 25. Bc1 Ba6 26. Rd4 f6 27. Rg4 Qf7 28.
exf6 Bxf6 29. Ne5 Qxh5 30. Qf3 Bg7 31. Qg3 Rf8 32. f4 Rf5 33. Nc6 Kf7 34. fxg5
Rc8 35. g6+ Kf6 36. Nd4 e5 37. Nxf5 Qxf5 38. c4 Ke6 39. Rf1 Qc2 40. cxd5+ Kxd5
41. Qf3+ Kc5 42. Ba3+ Kb5 43. Rc1 Qxc1+ 44. Bxc1 Rxc1+ 45. Kh2 Bc8 46. Qd3+ Kc6
47. Rc4+ Rxc4 48. Qxc4+ 1-0

[Event "CRO Team Cup"]
[Site "Mali Losinj"]
[Date "2017.05.12"]
[Round "4.114"]
[White "Zelic, Branko"]
[Black "Susnjar, Miroslav"]
[Result "1-0"]
[WhiteElo "2239"]
[BlackElo "2160"]
[PlyCount "93"]
[EventDate "2017.??.??"]

1. d4 Nf6 2. Nf3 g6 3. Bf4 d6 4. e3 Nbd7 5. Nbd2 Bg7 6. Bc4 O-O 7. c3 b6 8. Qc2
Bb7 9. h4 Qe8 10. O-O-O e5 11. dxe5 dxe5 12. Bg5 e4 13. Bxf6 Nxf6 14. Ng5 b5
15. Be2 h6 16. Nh3 c5 17. g4 Nh7 18. g5 hxg5 19. hxg5 c4 20. Nf1 Rd8 21. Rxd8
Qxd8 22. Rg1 Qe7 23. Nd2 Re8 24. Qd1 Rd8 25. Qc2 Rd6 26. Rg4 Re6 27. Bf1 Re5
28. Bg2 Qe8 29. Rg3 Bf8 30. Nf4 Qc8 31. Nh3 Qa8 32. Rg4 Qc8 33. Rg3 Qe6 34. Nf4
Qa6 35. Bxe4 Bxe4 36. Nxe4 Qxa2 37. Nf6+ Kg7 38. N4h5+ Kh8 39. Nxh7 Kxh7 40.
Nf6+ Kg7 41. f4 Qa1+ 42. Qb1 Qxb1+ 43. Kxb1 Re6 44. Rh3 Bc5 45. e4 Rxf6 46.
gxf6+ Kxf6 47. Kc2 1-0

[Event "CRO Team Cup"]
[Site "Mali Losinj"]
[Date "2017.05.12"]
[Round "4.114"]
[White "Tretinjak, Dario"]
[Black "Sesar, Ante"]
[Result "1-0"]
[WhiteElo "1818"]
[BlackElo "1630"]
[PlyCount "71"]
[EventDate "2017.??.??"]

1. d4 c6 2. c4 d6 3. e4 Nd7 4. Nc3 g6 5. Nf3 Bg7 6. Be2 Qc7 7. Be3 Ngf6 8. h3
O-O 9. O-O e5 10. dxe5 dxe5 11. Qc2 Re8 12. Rad1 b6 13. b4 Nf8 14. c5 b5 15.
Rd2 Ne6 16. Rfd1 Bf8 17. Bf1 a5 18. a3 axb4 19. axb4 Nh5 20. g3 Ra3 21. Qb2 Ra8
22. Bg2 Rd8 23. Rxd8 Nxd8 24. Kh2 h6 25. Qd2 Be6 26. Bxh6 Bxh6 27. Qxh6 Nf6 28.
Qg5 Nh7 29. Qxe5 Qe7 30. Nd4 Ra3 31. Nxe6 Nxe6 32. Ne2 Ra2 33. Nd4 Rxf2 34.
Nxc6 Qe8 35. Rd8 Qxd8 36. Nxd8 1-0

[Event "CRO Team Cup"]
[Site "Mali Losinj"]
[Date "2017.05.12"]
[Round "4.121"]
[White "Popovic, Ivo"]
[Black "Boban, Sten"]
[Result "0-1"]
[WhiteElo "2172"]
[BlackElo "2075"]
[PlyCount "112"]
[EventDate "2017.??.??"]

1. Nf3 Nf6 2. g3 g6 3. Bg2 Bg7 4. O-O O-O 5. d3 d5 6. c3 c5 7. Nbd2 Nc6 8. Re1
b5 9. c4 Rb8 10. cxd5 Nxd5 11. Ng5 e6 12. Nge4 Qe7 13. Rb1 f5 14. Nc3 Bxc3 15.
bxc3 Nxc3 16. Qc2 Nxb1 17. Qxb1 Bd7 18. Nf3 e5 19. Bh6 Rfe8 20. e3 Nd8 21. Ng5
Be6 22. d4 e4 23. dxc5 Nf7 24. Nxf7 Qxf7 25. a3 a6 26. Rc1 Rbc8 27. Qb4 Qf6 28.
h4 Rc6 29. Bf1 Rec8 30. a4 Qe7 31. axb5 axb5 32. Qxb5 Rxc5 33. Qb4 Qc7 34. Rxc5
Qxc5 35. Qb2 Qc3 36. Qb7 Qa1 37. Kg2 Qf6 38. Qb6 f4 39. Qd4 Qxd4 40. exd4 f3+
41. Kh2 Ra8 42. Bh3 Bc4 43. g4 Ra1 44. Be3 Kf7 45. Kg3 Be6 46. Kh2 Ke7 47. Kg3
Rh1 48. d5 Bxd5 49. g5 Be6 50. Bxe6 Kxe6 51. Kg4 Ke5 52. Bf4+ Kd4 53. Be3+ Kd3
54. Bb6 Ke2 55. Kg3 Rf1 56. Be3 Rxf2 0-1

[Event "CRO Team Cup"]
[Site "Mali Losinj"]
[Date "2017.05.12"]
[Round "4.122"]
[White "Djuric, Petar"]
[Black "Miskovic, Bozo"]
[Result "1/2-1/2"]
[WhiteElo "1954"]
[BlackElo "2029"]
[PlyCount "97"]
[EventDate "2017.??.??"]

1. e4 c6 2. d4 d5 3. exd5 Qxd5 4. c4 Qd8 5. Nf3 Nf6 6. Be2 g6 7. Nc3 Bg7 8. O-O
O-O 9. h3 Qb6 10. Na4 Qc7 11. Be3 Rd8 12. Rc1 Na6 13. Qe1 Nh5 14. Rd1 Nf4 15.
Bxf4 Qxf4 16. Qd2 Qc7 17. b4 Bd7 18. Rfe1 Re8 19. a3 Rad8 20. Qe3 Bf5 21. Bd3
Bxd3 22. Rxd3 e6 23. Red1 b6 24. Nc3 Nb8 25. Qd2 Qc8 26. Ne5 f6 27. Ng4 f5 28.
Ne5 Nd7 29. f4 Bh6 30. g3 Re7 31. Qe3 Bg7 32. Nxd7 Rdxd7 33. Qf3 Kf7 34. d5
exd5 35. cxd5 cxd5 36. Nxd5 Re4 37. Nc3 Rxd3 38. Rxd3 Bxc3 39. Rxc3 Qd7 40. Rd3
Qe6 41. Rc3 Kg7 42. Rc7+ Kg8 43. Rc3 Re1+ 44. Kf2 Re4 45. Kg1 Qd7 46. Rd3 Qe7
47. Rc3 h5 48. h4 Qe6 49. Qd3 1/2-1/2

[Event "CRO Team Cup"]
[Site "Mali Losinj"]
[Date "2017.05.12"]
[Round "4.123"]
[White "Cecuk, Marijo"]
[Black "Zakic, Marko"]
[Result "0-1"]
[WhiteElo "2058"]
[BlackElo "1861"]
[PlyCount "84"]
[EventDate "2017.??.??"]

1. d4 d5 2. Nf3 Nf6 3. Bf4 e6 4. Nbd2 Be7 5. e3 O-O 6. h3 Nbd7 7. Bd3 c5 8. c3
a6 9. a4 b6 10. O-O Bb7 11. Qe2 c4 12. Bc2 b5 13. Ne5 b4 14. a5 Nxe5 15. Bxe5
b3 16. Bb1 Nd7 17. Qg4 Nxe5 18. dxe5 Qc7 19. f4 Bc5 20. Rf3 Qe7 21. Rg3 f5 22.
Qe2 Qh4 23. Kh2 Kh8 24. Nxc4 dxc4 25. Qxc4 Qe7 26. Qxb3 Rab8 27. Qd1 Rfd8 28.
Qe2 Qd7 29. b4 Be7 30. e4 Qd1 31. Qa2 Rd2 32. Qxe6 Bh4 33. Qxf5 Bxg3+ 34. Kxg3
Qe2 35. Kh4 Qxg2 36. e6 Qf2+ 37. Kg4 Qe2+ 38. Kg5 Qf3 39. Ra2 Rxa2 40. Bxa2
Bxe4 41. Qg4 Rb5+ 42. Kh4 Qf2+ 0-1

[Event "CRO Team Cup"]
[Site "Mali Losinj"]
[Date "2017.05.12"]
[Round "4.124"]
[White "Muraja, Zeljko"]
[Black "Saric, Branko"]
[Result "0-1"]
[WhiteElo "1752"]
[BlackElo "1879"]
[PlyCount "120"]
[EventDate "2017.??.??"]

1. d4 g6 2. c4 Bg7 3. Nc3 Nf6 4. g3 O-O 5. Bg2 c6 6. Nf3 d5 7. cxd5 cxd5 8. O-O
Nc6 9. a3 Ne4 10. Re1 Nxc3 11. bxc3 Bg4 12. e4 e5 13. exd5 Qxd5 14. Nxe5 Bxd1
15. Bxd5 Ba4 16. Nxc6 bxc6 17. Ba2 c5 18. Be3 Rad8 19. Rab1 cxd4 20. cxd4 Bxd4
21. Bh6 Rfe8 22. Rxe8+ Bxe8 23. Re1 Bc5 24. Be3 Bxe3 25. Rxe3 Rd1+ 26. Kg2 Bc6+
27. Kh3 Rd2 28. Bc4 Rxf2 29. g4 Rf4 30. Be2 Kg7 31. Kg3 g5 32. Rc3 Rf6 33. Rc5
h6 34. Rc3 Bd5 35. Rc5 Rd6 36. Ra5 Rd7 37. Kf2 Be6 38. Kg3 Rb7 39. Kf2 Kf6 40.
Ra6 Ke5 41. Ra4 Re7 42. Ke3 Kf6 43. Ra6 Kg7 44. Kf2 Ba2 45. Bd3 Be6 46. Be2 Rb7
47. Ra5 Kf8 48. Kg3 Rb3+ 49. Bf3 f6 50. Kf2 h5 51. h3 Rb2+ 52. Ke3 Rh2 53. gxh5
Rxh3 54. Kf2 g4 55. Bg2 Rb3 56. h6 g3+ 57. Ke2 Bc4+ 58. Kd1 Rb2 59. Ra4 Bd3 60.
h7 Bxh7 0-1